| 000 | 01012nam a2200265 4500 | ||
|---|---|---|---|
| 001 | 2375679 | ||
| 003 | IlBcCP | ||
| 005 | 20250424114152.0 | ||
| 008 | 250424s2024 enka j 000 0 eng | ||
| 020 | _a1915461235 | ||
| 020 | _a9781915461230 | ||
| 040 | _cIlBcCP | ||
| 082 | 1 | 4 |
_a745.5928 _223 |
| 100 | 1 |
_aIves, Rob. _95792310 |
|
| 245 | 1 | 0 |
_aPrehistoric predator models! / _cRob Ives. |
| 260 |
_aCornwall : _bHungry Tomato, _c2024. |
||
| 300 |
_a32 p. : _bcol. ill. ; _c24 cm |
||
| 490 | 1 | _aBuild your own dinosaur | |
| 520 | _aBuild your own moving models, inspired by ferocious dinosaurs from the past. From a biting T-rex automaton to a snapping Spinosaurus grabber, this book is full of engaging makerspace projects that combine science and technology with hands-on model making. | ||
| 521 | 2 | _a3456. | |
| 650 | 7 |
_aCreative activities and seat work. _2sears |
|
| 650 | 7 |
_aModels and modelmaking. _2sears |
|
| 800 | 1 |
_aIves, Rob. _tBuild your own dinosaur! _96543751 |
|
| 852 | _922.99 | ||
| 999 |
_c407327 _d407327 |
||